Statistics for 10 smallest Countries in the World(MAP)

Click here to take the quiz!

General Stats

  • This quiz has been taken 32 times
  • The average score is 8 of 10

Answers on the Map

Answers color-coded by a green-red scale on the quiz's map according to % correct below.
 

Answer Stats

Answer% Correct
Vatican City
100%
Liechtenstein
90%
Monaco
90%
San Marino
87%
Tuvalu
80%
Nauru
77%
Saint Kitts and Nevis
77%
Malta
63%
Maldives
60%
Marshall Islands
60%

Score Distribution

Percentile by Number Answered

Percent of People with Each Score

Your Score History

You have not taken this quiz